[Praxis Oratoria Sive Praecepta Artis Rhetoricae : quae ad componendam Orationem scitu necessaria sunt]

Bibliographic Details
Main Author: Lauxmin, Sigismund, 1597-1670 (Author)
Corporate Author: Schwendiman, Wolfgangum (Viedeň, Rakúsko) (Printer)
Format: Book
Language:Latin
PhysicalDescription:12 zachovaných nečíslovaných strán, 285 strán

MARC

LEADER 00000nam a2200000 4500
001 vtls011891524
003 SK-MaSNL
005 20260301224852.0
008 251112s1720 au 001 0 lat
015 |a SNBHFA1720 
040 |a SNKHF  |b slo  |c SNKHF  |e rda 
041 0 |a lat 
044 |a au  |c AT 
072 7 |a 808  |x Literárny štýl. Literárna činnosť a technika. Efektívne využívanie jazyka. Spisovateľská činnosť  |2 konspekt 
080 |a 808.5  |2 2011 
100 1 |a Lauxmin, Sigismund,  |d 1597-1670  |4 aut  |9 617679 
245 1 1 |a [Praxis Oratoria Sive Praecepta Artis Rhetoricae : quae ad componendam Orationem scitu necessaria sunt] 
264 3 |a [Viennae Austriae]  |b [Schwedenmann]  |c [1720] 
300 |a 12 zachovaných nečíslovaných strán, 285 strán 
336 |a text  |b txt  |2 rdacontent 
337 |a bez média  |b n  |2 rdacarrier 
338 |a zväzok  |b nc  |2 rdacarrier 
500 |a Typografické linky, iniciálky bez pozadia na 2 riadky, živé záhlavie, kustódy 
546 |a Latinčina 
550 |a Tlačiarenské údaje doplnené podľa katalogizačného lístka 
561 |a Z knižnice Učenej spoločnosti malohontskej.  |5 SNK IE 10600 
561 |a Rukopisný posesorský záznam na prednom prídoští: ex libris Pauli Kmeti 1809.  |5 SNK IE 10600 
562 |a Chýba titulný list a časť úvodu, údaje doplnené podľa priloženého katalogizačného lístka.  |5 SNK IE 10600 
562 |a Rukopisné poznámky v latinčine na zadnom prídoští a v texte.  |5 SNK IE 10600 
563 |a Kožená väzba.  |5 SNK IE 10600 
700 1 |a Kmeť, Pavol  |4 fmo  |9 285100 
710 2 |a Učená spoločnosť malohontská  |4 fmo  |9 205374 
710 2 |a Schwendiman, Wolfgangum (Viedeň, Rakúsko)  |4 prt  |9 617680 
752 |a Rakúsko  |d Viedeň 
852 |a snk  |b Historické fondy  |p IE 10600 
958 |a DD 
999 |c 948849  |d 950779 
952 |t MHC XIV.J.a.24  |a SNK  |b SNK  |c SNK_HF  |y PREZ  |7 0  |p 17A1356712  |o snkIE 10600  |i snk2019/25109  |8 5  |0 0  |1 0  |4 0  |d 2019-10-04  |l 0  |r 2026-02-24 09:41:23  |w 2026-02-24